The Crimes of England /

Guardat en:
Dades bibliogràfiques
Autor principal: Chesterton, Gilbert K. (autor)
Format: Llibre
Idioma:anglès
Publicat: Nueva York, EUA : John Lane Company, 1916, c1916
Matèries:
Etiquetes: Afegir etiqueta
Sense etiquetes, Sigues el primer a etiquetar aquest registre!

MARC

LEADER 00000nam^a2200000^a^4500
001 000312228
005 20250526000000.0
008 110707 19161916
009 20260310113110
037 |a Acervo Xavier Clavigero 
041 |a ING 
082 |a 942.  |b CHE 
100 |a Chesterton, Gilbert K.  |e (autor) 
245 1 4 |a The Crimes of England /  |c G.K. Chesterton. 
264 4 |a Nueva York, EUA :  |b John Lane Company,  |c 1916, c1916 
300 |a 173 p. ;  |c 19.5 cm. 
336 |a texto  |b txt  |2 rdacontenido 
337 |a sin mediación  |b n  |2 rdamedio 
338 |a volumen  |b nc  |2 rdasoporte 
545 0 |a Gilbert Keith Chesterton, escritor inglés nacido en 1874 y muerto en 1936. Es conocido especialmente por la alegoría El hombre que fue jueves y por la fantasía política El Napoleón de Notting Hill, en la que denosta el mundo mecanizado y añora la vida previa a la revolución industrial; y, sobre todo por sus relatos policíacos, en los cuales creó al padre Brown, un personaje ya clásico del género (El secreto del padre Brown, La prudencia del padre Brown, El candor del padre Brown, entre otros). También escribió crítica literaria, estudios teológicos y narrativa no policíaca como La esfera y la cruz, La hostería volante, El club de las ocupaciones extravagantes, La época victoriana en la literatura, Ortodoxia, por citar algunos títulos. 
649 |a XX 
650 |a Inglaterra -  |x Historia 
910 |a Fondo General 
920 |a Impresos - Libros 
930 |a Libros Antiguos y Raros 
905 |a 108 
901 |a 010374  |b IT2  |c LRA  |u 20250526 
902 |a https://opac.biblio.iteso.mx/vufind/Record/000312228